The go-away bird / (Record no. 8884)

MARC details
000 -LEADER
fixed length control field 01700nam a22002777a 4500
001 - CONTROL NUMBER
control field 8884
003 - CONTROL NUMBER IDENTIFIER
control field FISKH
005 - DATE AND TIME OF LATEST TRANSACTION
control field 20251028161039.0
008 - FIXED-LENGTH DATA ELEMENTS--GENERAL INFORMATION
fixed length control field 251028b cb ||||| |||| 00| 0 eng d
020 ## - INTERNATIONAL STANDARD BOOK NUMBER
International Standard Book Number 9781509843589
040 ## - CATALOGING SOURCE
Original cataloging agency FISKH
Language of cataloging eng
Transcribing agency FISKH
Modifying agency FISKH
050 ## - LIBRARY OF CONGRESS CALL NUMBER
Classification number PZ7
082 ## - DEWEY DECIMAL CLASSIFICATION NUMBER
Classification number 823.92
100 ## - MAIN ENTRY--PERSONAL NAME
Personal name Donaldson, Julia
Relator term Author
245 ## - TITLE STATEMENT
Title The go-away bird /
Statement of responsibility, etc. Julia Donaldson ; Catherine Rayner
260 ## - PUBLICATION, DISTRIBUTION, ETC.
Place of publication, distribution, etc. London :
Name of publisher, distributor, etc. Macmillan Children's Books ,
Date of publication, distribution, etc. 2019
300 ## - PHYSICAL DESCRIPTION
Extent 32 unnumbered pages :
Other physical details color illustrations ;
Dimensions 29 cm
505 ## - FORMATTED CONTENTS NOTE
Formatted contents note D<br/>
520 ## - SUMMARY, ETC.
Summary, etc. A gorgeous story about friendship and working together from a star picture-book partnership, the inimitable Julia Donaldson and award-winning Catherine Rayner. `The Go-Away bird sat up in her nest, With her fine grey wings and her fine grey crest.' One by one, the other birds fly into her tree, wanting to talk or to play, but the Go-Away bird just shakes her head and sends them all away. But then the dangerous Get-You bird comes along, and she soon realizes that she might need some friends after all . . . The Go-Away Bird combines brilliant rhyming verse from much-loved children's author Julia Donaldson, creator of the bestselling picture books The Gruffalo and What the Ladybird Heard, with stunning illustrations from the CILIP Kate Greenaway Medal-winning Catherine Rayner. A charming story about the power of friendship from a thrilling creative partnership, this beautiful book is perfect for reading together.
521 8# - TARGET AUDIENCE NOTE
Target audience note 200<br/>
Source Lexile estimate<br/>
521 8# - TARGET AUDIENCE NOTE
Target audience note D<br/>
Source Raz-Plus<br/>
650 ## - SUBJECT ADDED ENTRY--TOPICAL TERM
Topical term or geographic name entry element Animal fiction
Form subdivision Friendliness
700 ## - ADDED ENTRY--PERSONAL NAME
Personal name Rayner, Catherine
Relator term Illustrator
942 ## - ADDED ENTRY ELEMENTS (KOHA)
Source of classification or shelving scheme Dewey Decimal Classification
Koha item type Books
Suppress in OPAC No
Holdings
Withdrawn status Lost status Source of classification or shelving scheme Damaged status Not for loan Home library Current library Shelving location Date acquired Total Checkouts Full call number Barcode Date last seen Copy number Price effective from Koha item type
    Dewey Decimal Classification     Footprints International School Library Network Toul Tom Poung Campus Footprints International School Library Network Toul Tom Poung Campus TTP Primary Green Bookshelves 10/28/2025   DON 823.92 PZ7 2025-4759 10/28/2025 1 10/28/2025 Books